Нострадамус (Запис номер 56138)
[ съкратено ]
| 000 -Лидер | |
|---|---|
| Контролно поле с фиксирана дължина | 01988nam a2200409 c 4500 |
| 003 - Код на организацията, давaща контролен номер | |
| Контролно поле | BLK |
| 005 - Дата и час на последна редакция | |
| Контролно поле | 20231222115606.0 |
| 008 - Елементи от данни с фиксирана дължина | |
| fixed length control field | 180408b bul|||||r ||||||| ||bul|| |
| 010 ## - Наследен системен номер | |
| LC control number | KNG00060115000 |
| 040 ## - Източник на каталожния запис | |
| Идентификатор на билиотеката - собственик на записа | BLK |
| 041 ## - Код за език | |
| Код за езика на текст/звукозапис или на отделно заглавие | Български |
| Код за езика КДБФ | Български |
| 080 ## - УДК | |
| Текстов определител УДК | Парапсихология. Нумерология. - Халюцинации, пророчества, предсказания, магии, демонология, телепатия, спиритизъм, илюзии, нумерология, мошеничество. Вж и 133 ; 398.4 ; 615.851 |
| УДК код - определител по УДК | 159.961 |
| УДК определител | (092) |
| УДК - код + определител | 159.961(092) |
| 080 ## - УДК | |
| Текстов определител УДК | Един от най-известните пророци и астролози в света |
| УДК код - определител по УДК | 929 Нострадамус, Мишел дьо |
| УДК определител | |
| УДК - код + определител | 929 Нострадамус, Мишел дьо |
| 100 1# - Редна дума - Автор | |
| Автор | Хюит, Валери Дж. |
| Авторска отговорност | първи автор |
| R(LIN) | 286655 |
| 139 ## - Редно поле | |
| Редна дума | Хюит, Валери Дж. |
| Авторски знак | Нос - Н 92 |
| 245 10 - Сведения за заглавието | |
| Заглавие | Нострадамус |
| Подзаглавни данни | Ключът към бъдещето : Пророчествата за света 1996 - 2010 |
| Редно поле (дума) | Валери Дж. Хюит; прев. от англ. Крум Бъчваров. |
| 257 ## - Страна на издаване | |
| Страна на създаване/издаване | Съединени американски щати |
| 260 ## - Област на издателските данни | |
| -- | София |
| Име на издателя, разпространителя и проч. | Хомо Футурус |
| Година на издаване | 1996 |
| 300 ## - Физическа характеристика | |
| Страници | 223 с. |
| Размери/Мащаб | 20 см |
| 380 ## - Жанр | |
| Жанр | Философия |
| 490 1# - СЕРИИ (Колекции) | |
| Име на серия | Ключ към себе си |
| 500 ## - Общи забележки | |
| Забележка | Ориг. загл. Nostradamus / V. J. Hewitt |
| 600 14 - Име на лице, използвано като предмет | |
| За него / За нея | Нострадамус, Мишел дьо |
| 9 (RLIN) | 103952 |
| 650 #4 - Допълнително описание по предмет – тема | |
| Основно описание – тема или топоним | Парапсихология |
| 9 (RLIN) | 165687 |
| 650 #4 - Допълнително описание по предмет – тема | |
| Основно описание – тема или топоним | Пророчества |
| 9 (RLIN) | 168086 |
| 650 #4 - Допълнително описание по предмет – тема | |
| Основно описание – тема или топоним | Нострадамус, Мишел дьо |
| 9 (RLIN) | 103952 |
| 653 ## - Ключова дума – ненормативна | |
| Ключова дума | Нострадамус |
| 653 ## - Ключова дума – ненормативна | |
| Ключова дума | пророчества |
| 653 ## - Ключова дума – ненормативна | |
| Ключова дума | парапсихология |
| 700 1# - Други автори (авторска отговорност) | |
| Лично име | Бъчваров, Крум |
| Автороска отговорност (Описва отношението между автора и произведението) | прев. от англ. |
| 9 (RLIN) | 364186 |
| 852 ## - Местоположение | |
| Форматна сигнатура | Цб 188980 |
| 856 4# - Електронен адрес и достъп | |
| Електронен формат | pdf - файл |
| Път до файла /url/ | |
| 856 4# - Електронен адрес и достъп | |
| Електронен формат | pdf - файл |
| Път до файла /url/ | |
| 942 ## - АРТИКУЛИ | |
| Вид на библиотечния материал | Книги |
| Скрит в OPAC | Не |
| Koha issues (borrowed), all copies | 4 |
| 944 ## - СЪЗДАВАНЕ И РЕДАКЦИЯ на ЗАПИСА | |
| Създаване/Редакция | Създаване |
| Дата на регистрацията/редакция | 13.06.2004 |
| Служител, извършил регистрацията/редакцията | 30531 |
| Статус, дата на статуса | Цветелина Шанова |
| 944 ## - СЪЗДАВАНЕ И РЕДАКЦИЯ на ЗАПИСА | |
| Създаване/Редакция | Редакция |
| Дата на регистрацията/редакция | 30.07.2013 |
| Служител, извършил регистрацията/редакцията | |
| 999 ## - СИСТЕМНИ КОНТРОЛНИ НОМЕРА | |
| Koha biblionumber | 56138 |
| Koha biblioitemnumber | 56138 |
| Код за отписване | Код за изгубен артикул | Източник на класификационната схема | Код за повреда | Коз за рестрикции | Код за отдаване | Артикулен № | Име на библиотеката - собственик | Име на библиотеката, в която се намира в момента | Статус (Текущо местоположение) | Дата на вписване в системата | Местоположение - отдел | Цена в лева | Инвентарен номер | Систематично азбучна сигнатура | Баркод | Номер на екземпляра | Цена в евро | Служебна бележка | Служебен тип на артикула |
|---|---|---|---|---|---|---|---|---|---|---|---|---|---|---|---|---|---|---|---|
| Не е изгубен | Universal Decimal Classification | Не е повреден | без рестрикции | заемане за дома | 88454 | Регионална библиотека "Любен Каравелов" Русе | Регионална библиотека "Любен Каравелов" Русе | Заемна - подръчен фонд | 1993-01-01 | Заемна - подръчен фонд | 1.20 | 622187 | П 159.961/Н 92 М | 120000622187 | 1 | 0.61 | Дост: Pk Вид: Ф N: стар фонд Дата: 01.01.1996 Дата инв: 02.02.2018 Бележки инв: П2018 | Книги | |
| Не е изгубен | Universal Decimal Classification | Не е повреден | без рестрикции | ползва се в читалня | 88455 | Регионална библиотека "Любен Каравелов" Русе | Регионална библиотека "Любен Каравелов" Русе | Хранилище | 1996-01-01 | Хранилище | 1.20 | 622782 | Цб 188980 | 120000622782 | 2 | 0.61 | Дост: Dp Вид: Д N: стар фонд Дата: 01.01.1996 | Книги | |
| Изтеглен | Не е изгубен | Universal Decimal Classification | Не е повреден | без рестрикции | заемане за дома | 88456 | Регионална библиотека "Любен Каравелов" Русе | Регионална библиотека "Любен Каравелов" Русе | Заемна - подръчен фонд | 1996-01-01 | Заемна - подръчен фонд | 0.00 | 620833 | П 159.96/Н 92 | 620833 | 3 | 0.00 | Дост: Pk Вид: Ф N: стар фонд Дата: 01.01.1996 | Книги |